| 000 | 00347nam a22001337a 4500 | ||
|---|---|---|---|
| 020 | _qPB. | ||
| 040 | _cFIZZA ISHAQ | ||
| 082 |
_a690.068 _bCAL |
||
| 100 |
_aHUGHES, WILL GRAYS CALIN. _985971 |
||
| 245 |
_aBUILDING DE SIGN MANAGE MENT / _cCALIN GRAYS WILL HUGHES. |
||
| 260 |
_aNEW YORK : _bCALIN, _c2001. |
||
| 300 | _a177 P. ; | ||
| 942 |
_2ddc _cBK |
||
| 999 |
_c587192 _d587192 |
||